| 000 | 00349nam a2200133Ia 4500 | ||
|---|---|---|---|
| 005 | 20260328104324.0 | ||
| 008 | 260328s9999||||xx |||||||||||||| ||und|| | ||
| 100 | _aPark, Steven | ||
| 245 | 0 |
_aLe Corbusier Redrawn : _b the Houses / _cSteven Park |
|
| 260 | _bPrinceton Architectural Press | ||
| 300 | _a240 p. | ||
| 650 | _aARQUITECTOS | ||
| 942 | _cBK | ||
| 999 |
_c11471 _d11471 |
||